Normal view
MARC view
- الاردن- تاريخ - الحسين 1952-1999، الحسين ملك الاردن، 1935-1999
Entry Topical Term
001 - CONTROL NUMBER
- control field: 52796
003 - CONTROL NUMBER IDENTIFIER
- control field: JO-AjAnu
005 - DATE AND TIME OF LATEST TRANSACTION
- control field: 20230606082657.0
008 - FIXED-LENGTH DATA ELEMENTS
- fixed length control field: 230606|| aca||aabn | a|a d
040 ## - CATALOGING SOURCE
- Original cataloging agency: JO-AjAnu
- Transcribing agency: JO-AjAnu
150 ## - HEADING--TOPICAL TERM
- Topical term or geographic name entry element: الاردن- تاريخ - الحسين 1952-1999، الحسين ملك الاردن، 1935-1999
670 ## - SOURCE DATA FOUND
- Source citation: Work cat.: (JO-AjAnu)26976: تشرها بالفرنسية جم، فريدون صاحب؛ ترجمة غزيل، غازي، مراجعة نصرالله، محمد عزت, author 52795, الحسين: ملك المملكة الأردنية الهاشمية: مهنتي كملك: أحاديث ملكية